| 000 | 00526 a2200169 4500 | ||
|---|---|---|---|
| 005 | 20250527134621.0 | ||
| 020 | _a978-0-538-74695-3 | ||
| 082 | _aLECT 657 ALB | ||
| 100 | _aALBRECHT, W. S. | ||
| 245 | _aFinancial Accounting. | ||
| 250 | _a11th Ed. | ||
| 260 |
_aSingapore, _bSouth-Western, _c2008. |
||
| 300 |
_axxx, 725p.: ill.; chart, graph, figure, picture, table. _bGlossary, index, _c27cm. |
||
| 700 | _aSTICE, E. K. | ||
| 856 |
_yAccess online book _fFinancial Accounting _dwww.cengage.com/tlc |
||
| 942 |
_2ddc _cBKS |
||
| 999 |
_c2743 _d2743 |
||